| 000 | 00447nam a22001577a 4500 | ||
|---|---|---|---|
| 020 | _a070853959 | ||
| 082 |
_a620.112 _bJEN _cL-21, P-83 |
||
| 100 |
_aJensen, Alfred _940625 |
||
| 245 |
_aStatics and Strength of Materials _cJensen, Alfred |
||
| 250 | _a3rd | ||
| 260 |
_aTokyo _bMcGraw Hill Kogakusha, Ltd _c1975 |
||
| 300 |
_axv, 381 p. : _bill, ; _c20 cm. |
||
| 526 |
_a0 _b0 _c0 _d620_112000000000000_JEN |
||
| 650 |
_aMCE _9379 |
||
| 942 |
_2ddc _cBK |
||
| 999 |
_c545003 _d545003 |
||